Mainstream sellout Album songs (MGK - Statistics

General Stats
  • This quiz has been taken 44 times
  • The average score is 9 of 15
Answer Stats
Answer % Correct
mainstream sellout
72%
Born with horns
69%
emo girl
67%
die in California
64%
sid & nancy
62%
drug dealer
59%
twin flame
59%
Ay!
56%
maybe
56%
5150
54%
god save me
54%
make up sex
51%
papercuts
51%
ww4
51%
fake love dont last
46%
No matching quizzes found
Score Distribution
Percent of People with Each Score
Percentile by Number Answered
Your Score History
You have not taken this quiz